| 000 | 01494nam a2200361Ia 4500 | ||
|---|---|---|---|
| 001 | ebr10150388 | ||
| 003 | CaPaEBR | ||
| 006 | m u | ||
| 007 | cr cn||||||||| | ||
| 008 | 051220s2006 enka sb 001 0 eng d | ||
| 010 | _z 2005057633 | ||
| 020 | _z1403983453 | ||
| 020 | _z1403967717 (alk. paper) | ||
| 040 |
_aCaPaEBR _cCaPaEBR |
||
| 035 | _a(OCoLC)567964975 | ||
| 050 | 1 | 4 |
_aPQ156 _b.M43 2006eb |
| 082 | 0 | 4 |
_a840.9/001 _222 |
| 245 | 0 | 4 |
_aThe medieval author in medieval French literature _h[electronic resource] / _cedited by Virginie Greene. |
| 250 | _a1st ed. | ||
| 260 |
_aHoundmills, Basingstoke, Hampshire, England ; _aNew York : _bPalgrave Macmillan, _c2006. |
||
| 300 |
_axiii, 255 p. : _bill. |
||
| 490 | 1 | _aStudies in Arthurian and courtly cultures | |
| 504 | _aIncludes bibliographical references (p. [229]-244) and index. | ||
| 533 |
_aElectronic reproduction. _bPalo Alto, Calif. : _cebrary, _d2009. _nAvailable via World Wide Web. _nAccess may be limited to ebrary affiliated libraries. |
||
| 650 | 0 |
_aFrench literature _yTo 1500 _xHistory and criticism. |
|
| 650 | 0 |
_aAuthors, French _yTo 1500. |
|
| 650 | 0 |
_aAuthorship _xHistory _yTo 1500. |
|
| 655 | 7 |
_aElectronic books. _2local |
|
| 700 | 1 |
_aGreene, Virginie Elisabeth, _d1959- |
|
| 710 | 2 | _aebrary, Inc. | |
| 830 | 0 | _aStudies in Arthurian and courtly cultures. | |
| 856 | 4 | 0 |
_uhttp://site.ebrary.com/lib/rucke/Doc?id=10150388 _zAn electronic book accessible through the World Wide Web; click to view |
| 999 |
_c202849 _d202849 |
||